| 000 | 00552nam a2200229Ia 4500 | ||
|---|---|---|---|
| 001 | 12105 | ||
| 003 | GE_BSU | ||
| 008 | 181216s||||||||xx |||||||||||||| ||und|| | ||
| 020 | _a9780813348988 | ||
| 040 | _cGE_BSU | ||
| 080 | _a327 | ||
| 100 | _aMcCormick,J. | ||
| 245 | 4 | _aThe European Union:Politics and Policies | |
| 260 | _aPhiladelphia | ||
| 260 | _bWestview Press | ||
| 260 | _c2013 | ||
| 300 | _a374p.23cm. | ||
| 541 | _h93Gel. | ||
| 653 | _aThe European Union:Politics and Policies | ||
| 653 | _aპოლიტიკა | ||
| 942 | _cBK | ||
| 999 |
_c45281 _d45281 |
||